000 01537cam a2200157 4500500
005 20260208005821.0
041 _afre
042 _adc
100 1 0 _aPeureux, Guillaume
_eauthor
245 0 0 _aSAMUEL SORBIÈRE, Discours sceptiques. Éd. Sophie GOUVERNEUR, Paris, Champion, « Libre pensée et littérature clandestine », 2002. Un vol. 15,5 × 22,5 de 106 p.
260 _c2005.
500 _a84
520 _aTout occupé à signifier le mystère essentiel et l’opacité du réel, le roman, chez Jules Barbey d’Aurevilly comme chez Marcel Proust, est le lieu indécis d’une confrontation entre la poésie et le récit. Ainsi, quand la prose romanesque de Barbey prétend porter le deuil du poème perdu, la Recherche orchestre avec bonheur, au contraire, une unité retrouvée. Chez Proust, roman et recueil se confondent, prose et poésie se rejoignent et la question métaphysique trouve une réponse esthétique. Aux fondrières (en fait de fondations) sur lesquelles le « barbare à sensations » qu’est Barbey a bâti l’édifice jésuitique d’une œuvre dont le catholicisme a souvent éveillé le soupçon, peut alors succéder la « cathédrale » immense élevée à la gloire de la littérature par le « dilettante d’architecture » qui fonde notre modernité.
786 0 _nRevue d'histoire littéraire de la France | 105 | 3 | 2005-06-01 | p. 655i-764i | 0035-2411
856 4 1 _uhttps://shs.cairn.info/revue-d-histoire-litteraire-de-la-france-2005-3-page-655i?lang=fr&redirect-ssocas=7080
999 _c1653941
_d1653941